Marketing research / (Record no. 5731)

MARC details
000 -LEADER
fixed length control field 00672nam a22002172 4500
001 - CONTROL NUMBER
control field 0000002245
005 - DATE AND TIME OF LATEST TRANSACTION
control field 20151217151845.0
008 - FIXED-LENGTH DATA ELEMENTS--GENERAL INFORMATION
fixed length control field 070405s xx 000 0 eng d
020 ## - INTERNATIONAL STANDARD BOOK NUMBER
International Standard Book Number 0333721780 :
Terms of availability KES 3,250
040 ## - CATALOGING SOURCE
Original cataloging agency KABU
Transcribing agency KABU
050 #0 - LIBRARY OF CONGRESS CALL NUMBER
Classification number HF5415.2
Item number .W47
100 1# - MAIN ENTRY--PERSONAL NAME
Personal name West, Chris.
-- 0000151534
245 10 - TITLE STATEMENT
Title Marketing research /
Statement of responsibility, etc. Chris West.
260 ## - PUBLICATION, DISTRIBUTION, ETC. (IMPRINT)
Place of publication, distribution, etc. Houndmills, Basingstoke, Hampshire :
-- London :
Name of publisher, distributor, etc. Macmillan,
Date of publication, distribution, etc. 1999.
300 ## - PHYSICAL DESCRIPTION
Extent xvi, 219 p. ;
Dimensions 24 cm.
440 #0 - SERIES STATEMENT/ADDED ENTRY--TITLE
Title Macmillan business masters
-- 0000151535
650 #0 - SUBJECT ADDED ENTRY--TOPICAL TERM
Topical term or geographic name as entry element Marketing research.
-- 0000151518
908 ## - PUT COMMAND PARAMETER (RLIN)
Put command parameter 070405
950 ## - LOCAL HOLDINGS (RLIN)
-- 1
Holdings
Withdrawn status Lost status Source of classification or shelving scheme Not for loan Home library Current library Date acquired Total Checkouts Full call number Barcode Date last seen Price effective from Koha item type
    Library of Congress Classification   Kabarak, Main Campus Kabarak, Main Campus 17/12/2015   HF5415.2 .W47 010520 17/12/2015 17/12/2015 General Collection
Designed with assistance from East African Informatics Ltd